Rozvoj odvětví kultury
Guardado en:
| Autor principal: | |
|---|---|
| Otros Autores: | |
| Formato: | Libro |
| Lenguaje: | checo |
| Publicado: |
Praha
Ústav pro výzkum kultury
1984
|
| Edición: | 1. vyd. |
| Etiquetas: |
Sin Etiquetas, Sea el primero en etiquetar este registro!
|
MARC
| LEADER | 00000nam a2200000 4500 | ||
|---|---|---|---|
| 001 | c104814 | ||
| 005 | 20221220085625.8 | ||
| 041 | 0 | |a cze | |
| 044 | |a CZ | ||
| 245 | 1 | 0 | |a Rozvoj odvětví kultury |c Martin Cejp, Drahuše Kadeřábková |
| 250 | |a 1. vyd. | ||
| 264 | 1 | |a Praha |b Ústav pro výzkum kultury |c 1984 | |
| 300 | |a 133 s. | ||
| 100 | 1 | |a Cejp, Martin | |
| 700 | 1 | |a Kadeřábková, Drahuše | |